| 000 | 00563nam a22001817a 4500 | ||
|---|---|---|---|
| 003 | NUST | ||
| 038 | _aNusrat Nadeem | ||
| 082 | _aBEE-2 ARS | ||
| 100 |
_aMuhammad Arsalan khalid _991592 |
||
| 245 | _aVISOR: video imaging and selective object tRacker | ||
| 260 |
_aIslamabad _bNUST-SEECS _c2014 |
||
| 300 | _a75p. : | ||
| 500 | _aSupervisor:Dr. Rehan Hafiz | ||
| 563 | _aHB | ||
| 700 |
_aMuhammad Arsalan khalid, Rohail Muddassir Mirza, Hamza Naeem, Mohsin Yousuf _991593 |
||
| 856 | _u http://10.250.8.41:8080/xmlui/handle/123456789/9788 | ||
| 942 |
_cPR _2ddc |
||
| 999 |
_c12917 _d12917 |
||